[Event "2024 Summer TNM: 2000+"]
[Site "San Francisco"]
[Date "2024.06.04"]
[Round "5.1"]
[White "Dasika, Archit"]
[Black "Winslow, Elliott"]
[Result "1/2-1/2"]
[WhiteElo "2224"]
[BlackElo "2178"]
[Annotator "Winslow,Elliott"]
[PlyCount "130"]
[GameId "2053239350597793"]
[EventDate "2024.05.07"]
[EventType "swiss"]
[EventRounds "7"]
[EventCountry "USA"]

{With Olivia Smith taking a half-point bye, putting her in clear first no matter what, Dasika and I both had to consider our tournament strategy. The difference is I'd already played (and lost) to her, while since his (Round 2) pairing with her was unplayed (he didn't show, for reasons unknown), that matchup could happen again.} 1. d4 Nf6 2. Nf3 {The other thing, from my point of view, is that Archit is very solid as White! And I didn't expect him to play a London! So I was unprepared on move two.} e6 ({Or maybe he just expected} 2... g6 {when he could return to 3.c4 and the Classical Be2/Nf3 against the King's Indian, which he has played a few times.}) ({Carlsen played the double fianchetto in a classical game a couple months ago (and before):} 2... b6 3. g3 Bb7 4. Bg2 g6 5. c4 Bg7 6. O-O O-O 7. d5 $5 Na6 $5 8. Nc3 Nc5 9. Nd4 e5 10. Nb3 d6 11. Nxc5 bxc5 12. a3 Nd7 13. e4 f5 {0-1 Fridman,D (2590)-Carlsen,M (2830) Karlsruhe Grenke 2024 (2) with "chances for both sides"} {Some more moves, as it got fun shortly:} 14. b4 Ba6 15. Qd3 Bc8 16. Na4 Nf6 17. f3 cxb4 18. axb4 f4 19. Nc3 g5 20. g4 h5 21. h3 hxg4 22. hxg4 {[#]} Nxg4 $1 {(Stockfish likes it)} 23. fxg4 Bxg4 24. Bh3 Qd7 25. Bxg4 $6 (25. Rf3 $1 $11) 25... Qxg4+ $17 26. Kf2 Qh4+ 27. Ke2 g4 {0-1 Fridman,D (2590)-Carlsen,M (2830) Karlsruhe Grenke 2024 (2) and the pawns marched:}) 3. Bf4 c5 (3... d5) (3... b6) 4. c3 (4. e3) 4... Qb6 {It's always appealed to me: the bishop no longer defends b2, so annoy White by threatening it. I should give it up. :-)} 5. Qc2 (5. Qb3 {is three times as common in the database. The queen-on-queen situation is frequent in the London -- neither side quite wants to trade, and open the a-file for the opponent. The doubled pawns might be a factor, but usually less so.}) 5... Nc6 ({The big fan of 6.c3 is Bullet superstar Tuan Le:} 5... cxd4 6. cxd4 Nc6 7. e3 Nd5 8. Bg3 Ndb4 9. Qd2 Be7 10. a3 Nd5 11. e4 Nf6 12. Nc3 Na5 13. Rd1 d5 14. e5 Ne4 15. Qc2 Bd7 16. Bd3 Rc8 17. Bxe4 dxe4 18. Qxe4 Qxb2 19. Ne2 Bb5 20. Nd2 Bc6 21. Qg4 O-O 22. Bf4 Rfd8 23. O-O Ba4 24. Bh6 Bf8 25. Ng3 Bxd1 26. Rxd1 Rxd4 27. Nge4 Rc1 28. Be3 Rd8 29. h4 Rxd1+ 30. Qxd1 Qc2 31. Qxc2 {1-0 Le,T (2557)-Erigaisi,A (2710) Bullet Chess Winners Chess.com INT blitz 2023 (1.9)}) 6. e3 d5 7. h3 Bd7 {I'm in a hurry to make something of the c-file.} 8. Nbd2 Rc8 {[#]} 9. Qb3 $5 c4 $6 {Trying to rock the boat.} (9... h6) (9... Be7) 10. Qc2 $1 {I wondered if he could be enticed off his usual quiet positional play with a sacrifice on c4? (It's bad, but I wasn't so sure at the time) [#]} Qa5 $6 $146 ({New move, previously a B-player played better than me:} 10... Be7 11. Be2 O-O 12. O-O Nh5 $6 13. Ng5 $1 Bxg5 $6 14. Bxg5 Nf6 15. Bxf6 gxf6 16. e4 $16 {1-0 Sztokbant,B (2175)-Ribeiro,F (1798) Florianopolis op 6th 2020 (4)}) 11. Be2 b5 12. O-O Be7 13. a3 O-O 14. e4 h6 15. Rfe1 Qb6 16. Ne5 Nxe5 17. Bxe5 Bc6 18. Bf3 Rfd8 19. Bg3 a5 20. Bh4 Qb7 21. exd5 Bxd5 22. Bxd5 Rxd5 23. Re5 {[#]} Rcd8 (23... Rxe5 $5 24. dxe5 Nd5 25. Bxe7 Qxe7 26. a4 b4 27. Ne4 Nf4 28. Nd6 Qg5 29. Qe4 Rb8 $11) 24. a4 $6 Bd6 $6 {This really isn't a good idea!} (24... Rxe5 25. dxe5 Nd5 $1 (25... Rxd2 $5 26. Qxd2 Ne4 27. Qf4 g5 28. Qf3 $1 bxa4 $1 (28... gxh4 29. Re1 Nc5 30. Qxb7 Nxb7 31. axb5 $18) 29. Re1 $1 Qxb2 $1 30. Rxe4 a3 31. Rxc4 a2 32. Kh2 a1=Q 33. Rc8+ Kg7 34. Qa8 $11) 26. Bg3 (26. Bxe7 Nxe7 $1 {when the e-pawn is weak, and d3 beckons.} 27. Ne4 Ng6 28. Nd6 Qd5 29. Rd1 Qxe5 30. Nxb5 Rxd1+ 31. Qxd1 Nf4 $15 {is computer in action.}) 26... Rb8 (26... h5) 27. Kh2 Qc6 $15 {/=}) 25. Bxf6 $14 gxf6 26. Rxd5 Qxd5 (26... exd5 $2 27. axb5 Qxb5 28. Nf1 $18) 27. Qe4 b4 $6 (27... bxa4 $14 28. Rxa4 Qb5) 28. Qh4 $1 {[#] I overlooked this move in time pressure (his).} Bf8 $6 (28... e5 $5 29. Qxf6 $1 Bc7 30. Qe7 Rd7 31. Ne4 $1 $16 (31. Qe8+ $16)) 29. Ne4 $1 $18 Bg7 $6 (29... Kh8 $5 30. Nxf6 Qg5 31. Qxg5 hxg5 32. Ne4 Rd5 33. Nd2 e5 34. Nxc4 exd4 35. cxd4 Rxd4 36. b3 $18 (36. Nxa5 $18)) 30. Nxf6+ Bxf6 31. Qxf6 Qg5 32. Qxg5+ hxg5 33. Re1 $1 Rd5 34. Re5 {[#] I so often exhort students: "Don't trade into a pawn ending (especially trade rooks) unless you're sure it's the result you want." Here though it shouldn't really matter. At least this has the slight psychological effect of changing the nature of the game. And he is approaching zero time (there's always the glorious five-second delay -- just don't blink).} Rxe5 35. dxe5 Kg7 36. g4 f5 {[#]} 37. exf6+ $6 {Still winning, but leaving things as is was fine.} Kxf6 38. Kg2 Ke5 39. Kf3 (39. h4 $18 {no better no worse totally winning}) 39... Kd5 40. Ke3 (40. h4 $1 gxh4 41. g5 {etc.}) 40... e5 41. Kf3 $1 b3 {[#]} 42. Kg3 $4 {As he pointed out after the game, giving me that vital tempo (...gxh4+ check) cost him.} ({"simply"} 42. h4 gxh4 43. g5 $1 $18) 42... Ke4 $1 $11 {This is actually drawn!?} 43. h4 gxh4+ 44. Kxh4 Kd3 {And the race is on!} 45. g5 Kc2 46. g6 Kxb2 47. g7 {[#] Suddenly I'm confronted with a selection of king moves! And of course I mess up:} Kxc3 $4 (47... Kc2 $4 {allows Qxc4 and then a queen trade on b1, followed by c3-c8Q.}) ({Same with} 47... Kc1 $4) (47... Ka1 $5 48. g8=Q b2 49. Qxc4 b1=Q {peters out to a draw as well. Although it's a stupid place for my king.}) (47... Ka3 $1 {The first move I looked at -- and rejected!} {But} 48. g8=Q b2 49. Qxc4 b1=Q $11 {is drawn, or at least it's zeroes everywhere after a few seconds of Stockfish 16.1 running.} 50. Qc5+ Kxa4 51. Qxe5 Qh1+ 52. Kg3 Qg1+ 53. Kf3 {and still it's 0.00 down the line.}) 48. g8=Q b2 49. Qg6 Kb3 {[#] I liked the idea of taking on a4 and my three pawns confounding his queen! But the reality...} 50. Qb6+ $4 {The last error. In fact, "eleventh best" with ten moves that still won. Archit knew that with a small delay like we've had in the TNM for a while, it's vital not to get down to no time; he managed quite a few moves with his clock still showing "00:00:05" (in fact, all the way to the end).} (50. Kg4 {(fastest: #43) (and pretty much anything else)} c3 {when White mops up all the pawns for the queen, and then queens the f-pawn.}) 50... Ka2 $11 51. Qb5 b1=Q 52. Qxc4+ Qb3 53. Qb5 {In fact, White has to be careful not to land up on the worse side of things. This was the best.} ({I was concerned with him gaining a tempo before trading queens with} 53. Qe2+ Qb2 54. Qxb2+ $4 {but in fact it's *Black* who's winning! I queen with check:} Kxb2 55. Kg4 Kb3 56. Kf5 Kxa4 57. Kxe5 Kb3 58. f4 a4 59. f5 a3 60. f6 a2 61. f7 a1=Q+ 62. Ke6 {*and* have the "only move"} Qa3 {with mate in ten no more.}) 53... Qf3 54. Qxa5 Qxf2+ 55. Kg4 Qf4+ 56. Kh3 e4 57. Qd5+ Ka3 58. a5 e3 59. a6 Qf1+ 60. Kg3 Qf2+ 61. Kg4 e2 62. Qd3+ Kb4 63. Qd2+ Kb5 64. a7 Qg2+ 65. Kh5 Qh3+ {Exciting!} 1/2-1/2

[Event "2024 Summer TNM: 2000+"]
[Site "San Francisco"]
[Date "2024.06.04"]
[Round "5.2"]
[White "Ni, Leo"]
[Black "Tsodikova, Natalya"]
[Result "0-1"]
[WhiteElo "1844"]
[BlackElo "2145"]
[Annotator "Winslow,Elliott"]
[PlyCount "99"]
[GameId "2053246232165784"]
[EventDate "2024.05.07"]
[EventType "swiss"]
[EventRounds "7"]
[EventCountry "USA"]

1. e4 e5 2. Nf3 Nc6 3. Bb5 f5 4. Nc3 fxe4 5. Nxe4 Nf6 6. Qe2 d5 7. Nxf6+ gxf6 8. d4 Bg7 9. dxe5 O-O 10. O-O Nxe5 11. c3 Bg4 12. Be3 c6 13. Ba4 Qe8 14. Kh1 Qh5 15. Bd1 Rae8 16. Rg1 f5 (16... Nc4 $1) 17. Qf1 b6 18. Nxe5 Bxe5 19. g3 (19. h3 $11) 19... Re6 20. a4 Bf3+ 21. Bxf3 Qxf3+ 22. Qg2 Qxg2+ 23. Kxg2 Bc7 24. Rgd1 f4 25. gxf4 Bxf4 26. Re1 Rg6+ 27. Kh1 $2 {[#]} (27. Kf1 $1 Bxh2 28. a5 $15) 27... Bxe3 $2 (27... Bxh2 $1 $19) 28. fxe3 Rf2 $17 29. b4 Rc2 30. Rac1 Rgg2 {[#]} 31. Rg1 $2 (31. Rxc2 Rxc2 32. e4 $1 $11) 31... Rxg1+ $19 32. Rxg1+ Kf7 33. Rf1+ Ke6 34. Rf8 Rxc3 35. Ra8 Rc4 36. Rxa7 Rxb4 37. Kg2 c5 (37... h5 $1) 38. Rxh7 c4 39. Kf2 Kd6 40. h4 Rxa4 41. h5 Ra2+ 42. Kg3 Ra8 43. Rh6+ Kc5 44. Rh7 Rc8 45. Rf7 c3 46. h6 Kc4 47. h7 Kd3 48. Rc7 Rh8 49. Kf2 c2 50. Ke1 {and} 0-1

[Event "2024 Summer TNM: 2000+"]
[Site "San Francisco"]
[Date "2024.06.04"]
[Round "5.4"]
[White "Shrauger, Alex Hayden"]
[Black "Diller, Bradley R"]
[Result "1-0"]
[WhiteElo "2204"]
[BlackElo "2135"]
[Annotator "TA 6.4"]
[PlyCount "92"]
[GameId "2053409329373208"]
[EventDate "2024.05.07"]
[EventType "swiss"]
[EventRounds "7"]
[EventCountry "USA"]

{Another epic match between two of Gadir Guseinov's current students -- and it shows in the opening. Alas for Brad, it was another game marred by a time-trouble blowup. He (and others) should be happy when (I think it's going to happen) the time control in the next Tuesday Night Marathon becomes Game in 90 minutes, 30 second increment. I thnk! Don't quote me!} 1. e4 e6 2. d4 d5 3. e5 c5 4. c3 Nc6 5. Nf3 Qb6 6. Be2 cxd4 7. cxd4 Nh6 8. Bxh6 {Strongly threatening Bc1.} Qxb2 {[#]} 9. Nbd2 $1 gxh6 10. O-O Bd7 {The position is equal.} (10... Nxd4 11. Rb1 (11. Qa4+ Nc6 $17) 11... Nxe2+ (11... Qxa2 $2 12. Nxd4 a6 13. Ra1 $18) 12. Qxe2 $15) 11. Rb1 Qxa2 12. Rxb7 (12. Ra1 $5 Qb2 $8 13. Rb1 $11) 12... Rb8 13. Rxb8+ Nxb8 14. Nb3 Rg8 $2 {[%eval 214,27] [%wdl 990,10,0]} (14... Ba4 $11 {[%eval 5,35] [%wdl 26,958,16]} 15. Qc1 (15. Nfd2 Bb4 $11) 15... Nc6 (15... Qxe2 $2 16. Qc8+ Ke7 17. Qxb8 $18)) 15. Qd3 $1 $18 {[%cal Of1a1][%mdl 1024] White has strong compensation.} Nc6 16. Ra1 Qb2 17. Nfd2 {[%eval 53,30] [%wdl 135,863,2]} (17. Rb1 $18 {[%eval 200,30] [%wdl 986,14,0]} Qa2 18. Nbd2) 17... Bb4 $14 {Hoping for ...Bxd2.} 18. Rb1 Qa2 {[%eval 104,32] [%wdl 562,438,0]} (18... Qc3 $14 {[%eval 54,34] [%wdl 134,865,1]}) 19. Qxh7 $16 Rf8 20. Qd3 {[%eval 0,42] [%wdl 13,974,13]} (20. Qxh6 $16 {[%eval 97,32] [%wdl 485,515,0] Black must now prevent Bd3.} a5 21. Bb5 (21. Ra1 Qb2 $11)) 20... a5 21. Nf3 Ke7 {[%eval 81,33] [%wdl 307,693,0]} (21... Na7 $11 {[%eval 1,30] [%wdl 12,977,11] remains equal.} 22. Nc1 Qa4) 22. Nc1 $1 $36 {[%mdl 2048] White is in control.} Qa3 23. Qh7 {Inhibits Qxd3.} Qa4 {[%eval 219,31] [%wdl 997,3,0]} (23... Na7 $16 {[%eval 81,30] [%wdl 303,697,0] was worth a try.}) 24. h4 (24. Qxh6 Qc2 25. Bd3 Qd1+ 26. Bf1 Qc2 $11 (26... Nxd4 $2 {perishes.} 27. Qh4+ Ke8 28. Nxd4 $18) (26... Ke8 27. Qe3 $14)) 24... Bc3 $2 {[%eval 403,25] [%wdl 1000,0,0]} (24... Ba3 {[%eval 194,30] [%wdl 989,11,0]}) 25. Qxh6 $18 Bxd4 26. Qf6+ ({Weaker is} 26. Nxd4 Qxd4 27. Qg5+ f6 28. exf6+ (28. Qg7+ Rf7 $11) 28... Qxf6 $11) 26... Ke8 27. Nb3 $2 {[%eval 54,30] [%wdl 97,903,0]} ({White has to play} 27. Nd3 $1 $18 {[%eval 297,27] [%wdl 1000,0,0]}) 27... Qa2 {[%eval 161,32] [%wdl 958,42,0]} ({Black should try} 27... Ba7 $1 $14 {[%eval 54,30] [%wdl 97,903,0]}) 28. Nbd2 {aiming for Nxd4.} Bc3 29. Qf4 {[%eval 55,28] [%wdl 96,904,0]} ({Better is} 29. Qg5 $16 {[%eval 139,30] [%wdl 887,113,0]}) 29... Nb4 $2 {[%eval 239,25] [%wdl 999,1,0] [#]} ({Black should play} 29... Qc2 $1 $14 {[%eval 55,28] [%wdl 96,904,0]}) 30. Rc1 $2 {[%eval 8,29] [%wdl 9,987,4]} (30. Bd1 $1 $18 {[%eval 239,25] [%wdl 999,1,0]}) 30... Bb2 $2 {[%eval 298,26] [%wdl 1000,0,0][%mdl 8192]} (30... Qb2 $1 $11 {[%eval 8,29] [%wdl 9,987,4] and Black stays safe.} 31. Rb1 Qc2) 31. Rc7 Qa1+ {[#]} 32. Kh2 $2 {[%eval 11,33] [%wdl 9,988,3]} (32. Bf1 $1 $18 {[%eval 279,25] [%wdl 1000,0,0]} Nc6 33. Qe3) 32... Nc6 $11 {[%cal Bb4c6,Bc6e5,Be5g6][%mdl 32] Inhibits Ra7.} 33. Nb3 {Chess con chili.} (33. Rb7 {seems wilder.} Bxe5 34. Nxe5 Qxe5 35. Qxe5 Nxe5 36. Nb3) 33... Bxe5 34. Nxe5 Qxe5 35. Qxe5 Nxe5 36. Nxa5 {[%eval 0,44] [%wdl 3,994,3]} (36. Nc5 $14 {[%eval 36,28] [%wdl 27,973,0]} Kd8 37. Ra7) 36... Ke7 37. f4 Kd6 38. Ra7 Ng6 {[%csl Bf4,Bh4]} 39. g3 Rb8 {...Rb2 would now be deadly.} 40. Bf3 Ne7 41. Nb7+ Kc6 {[#]} 42. Nc5 {[%csl Od7][%mdl 64] Discovered Attack} Rd8 {[%eval 45,27] [%wdl 34,966,0]} (42... Rb2+ $11 {[%eval 0,60] [%wdl 3,995,2]} 43. Kh3 Kxc5 44. Rxd7 Nf5) (42... Kxc5 43. Rxd7) 43. Nd3 f6 44. h5 Nf5 $6 (44... Kd6 45. Ra6+ Nc6 46. Nb4 Kc5 47. Nxc6 Bxc6 48. g4 e5 {White is ahead -- maybe enough to win.}) 45. Bd1 Ne3 46. Bf3 Nf5 {No more moves (no DGT boards this week!) -- I (EW) think White played the correct 47.g4 but the deciding factor was Black hanging a rook to a d-file skewer.} 1-0

[Event "2024 Summer TNM: 2000+"]
[Site "San Francisco"]
[Date "2024.06.04"]
[Round "5.5"]
[White "Lewis, Edward"]
[Black "Viadiu-Ilarraza, Hector"]
[Result "1-0"]
[WhiteElo "1969"]
[BlackElo "1896"]
[PlyCount "99"]
[GameId "2053338848429083"]
[EventDate "2024.05.07"]
[EventType "swiss"]
[EventRounds "7"]
[EventCountry "USA"]

1. d4 e6 2. Nf3 d5 3. Nbd2 f5 4. c4 c6 5. g3 Nf6 6. Bg2 Bd6 7. O-O Nbd7 8. b3 O-O 9. Bb2 Ng4 10. h3 Nh6 11. Ne5 Nxe5 12. dxe5 Bc5 13. cxd5 exd5 14. Qc2 Qe7 15. Rac1 Bb6 16. e3 Nf7 17. Qc3 Ng5 18. f4 Ne4 19. Nxe4 dxe4 20. Rfd1 Be6 21. Bf1 Qf7 22. Rd6 Rfe8 23. Be2 Bd5 24. Kh2 Re7 25. Ba3 Ree8 26. Bb2 Re7 27. Rd1 Bc7 28. R6xd5 cxd5 29. Rxd5 Kh8 30. Bc4 Qh5 31. Qd2 a6 32. a4 Qe8 33. Ba3 Rd8 34. Bxe7 Qxe7 35. Rxd8+ Qxd8 36. Qxd8+ Bxd8 37. Kg2 a5 38. g4 g5 39. gxf5 gxf4 40. exf4 Bh4 41. Bd5 e3 42. Kf3 Bf2 43. Bxb7 Kg7 44. Ba6 h5 45. Ke4 h4 46. Bc4 Bg1 47. f6+ Kf8 48. e6 Bf2 49. e7+ Ke8 50. Bb5+ 1-0

[Event "2024 Summer TNM: 2000+"]
[Site "San Francisco"]
[Date "2024.06.04"]
[Round "5.6"]
[White "Jones, James E"]
[Black "Srinivasan, Sivavishnu"]
[Result "0-1"]
[WhiteElo "2000"]
[BlackElo "2029"]
[Annotator "Winslow,Elliott"]
[PlyCount "96"]
[GameId "2053338329179154"]
[EventDate "2024.05.07"]
[EventType "swiss"]
[EventRounds "7"]
[EventCountry "USA"]

1. e4 c6 2. Bc4 d5 3. Bb3 dxe4 4. Qh5 g6 5. Qh4 Nf6 6. Nc3 Bg7 7. Nxe4 Nxe4 8. Qxe4 O-O 9. Nf3 e5 10. O-O Bf5 11. Qb4 Qc7 12. d3 a5 13. Qh4 h5 14. a3 a4 15. Ba2 Nd7 16. Bg5 Nb6 17. Bf6 Rae8 18. Rfe1 Qd6 19. Bxg7 Kxg7 20. Re2 Bg4 21. Rae1 Bxf3 22. gxf3 Nd5 23. Qxa4 Nf4 24. Re3 Qf6 {[#]} 25. Kh1 Qg5 26. Rg1 Qh4 27. Rg3 f5 28. Qb4 Re7 29. Qd6 Qf6 30. Qxf6+ Kxf6 31. h4 Rd8 32. Rg1 Nh3 33. Rge1 Rd4 34. Kh2 Rxh4 35. d4 {[#]} Nxf2+ (35... Nf4+ 36. Kg1 e4) (35... Ng5+ {...Rxd4}) 36. Kg2 $5 (36. Kg3 f4+ 37. Kxf2 (37. Kxh4 g5+ 38. Kxh5 Rh7#) 37... fxe3+ 38. Rxe3 Rxd4 (38... Rh2+)) (36. Kg1 Nh3+ 37. Kg2 Nf4+ 38. Kg1 e4) 36... Nh3 (36... Ng4 $1 37. fxg4 Rxg4+ 38. Kh2 Rxd4 $19) 37. Rxe5 (37. Kg3 $17 Rxd4 38. Kxh3 g5 $15) 37... Rd7 $2 $11 (37... Rxe5 $1 38. dxe5+ Ke7 39. Kg3 Ng5 $1) 38. c3 Kg5 39. Re7 Nf4+ 40. Kg1 Rxe7 41. Rxe7 Rh3 42. Rxb7 Rxf3 43. a4 Kg4 44. Re7 Kg3 45. Re1 Nh3+ 46. Kh1 h4 47. Bc4 Nf2+ 48. Kg1 h3 0-1

[Event "2024 Summer TNM: 2000+"]
[Site "San Francisco"]
[Date "2024.06.04"]
[Round "5.7"]
[White "Riese, Kayven"]
[Black "Gaffagan, Steven"]
[Result "1-0"]
[WhiteElo "1900"]
[BlackElo "2039"]
[Annotator "Winslow,Elliott"]
[PlyCount "99"]
[GameId "2053344860309467"]
[EventDate "2024.05.07"]
[EventType "swiss"]
[EventRounds "7"]
[EventCountry "USA"]

1. e4 c6 2. d4 d5 3. exd5 cxd5 4. c4 Nf6 5. Nc3 g6 6. Qb3 Bg7 7. cxd5 O-O 8. Be2 Nbd7 9. Bf3 Nb6 10. Nge2 {[#]} (10. Bg5) 10... e6 $5 (10... a5 11. O-O $1 (11. a4 Bf5 12. Qb5 $14 (12. Qd1 Nbxd5 13. O-O Qd7 14. Ng3 Be6 15. Nge4 Nxe4 16. Nxe4 b6 17. Ng5 Rad8 18. Nxe6 Qxe6 19. Re1 Qd6 20. Bg5 Bf6 21. Qd2 Bxg5 22. Qxg5 Nb4 {½-½ (48) Aronian,L (2645)-Carlsen,M (2552) FIDE-Wch k.o. Tripoli 2004 (1.3)})) 11... a4 12. Qb5 Bd7 13. Qb4 Bg4 14. d6 $5 {1-0 (80) Sapa,W-Sapis,W POL sponsor corr Poland 1993}) (10... Bg4) (10... Bf5) 11. Bg5 $1 Nbxd5 (11... exd5 12. O-O Be6 13. Nf4 h6 14. Nxe6 fxe6 15. Be3 Qd7 16. Be2 Rac8 17. Nb5 Nc4 18. Nxa7 Nxe3 19. fxe3 Ra8 20. Nb5 h5 21. Bd3 Ng4 22. Bxg6 Bh6 23. Rfe1 Qg7 24. Bxh5 Rf2 25. Bxg4 Rxg2+ 26. Kh1 Rxg4 27. Rg1 Kh8 28. Nd6 Rg8 29. Rxg4 Qxg4 30. Nf7+ Kh7 31. Qc2+ Rg6 32. Ne5 {1-0 Xiong,J (2709)-Abdusattorov,N (2627) Chess.com U20 Speed Chess.com INT blitz 2020 (1.5)}) 12. O-O (12. Nxd5 $5 exd5 13. O-O $14) 12... h6 13. Bxd5 hxg5 14. Bc4 a6 15. a4 b6 16. Rfd1 Bb7 17. Ng3 Nd5 18. Nxd5 exd5 19. Be2 Qd6 20. Bf3 Rac8 21. Rd3 Rc4 22. Rad1 Rfc8 23. Qa2 Qb4 24. Ne2 Rc2 25. Nc3 Rxb2 26. Nxd5 Bxd5 27. Qxd5 Qxa4 28. Qxg5 Re8 29. d5 Qa5 30. h4 Qc5 31. d6 Qxf2+ 32. Kh2 Be5+ 33. Kh3 Bxd6 34. Rxd6 Re3 35. Qg3 Qc2 36. Qg4 a5 37. Rd8+ Kh7 38. R1d7 Qf5 39. Qxf5 gxf5 40. Rxf7+ Kg6 41. Ra7 Re6 42. h5+ Kh6 43. Rh8+ Kg5 44. Rg7+ Kf4 45. h6 a4 46. Bd5 Re3+ 47. g3+ Ke5 48. Re8+ Kd4 49. Rxe3 Kxe3 50. h7 1-0

[Event "2024 Summer TNM: 1600-1999"]
[Site "San Francisco"]
[Date "2024.06.04"]
[Round "5.8"]
[White "Kumar, Jay Dave"]
[Black "Gray, William"]
[Result "1-0"]
[WhiteElo "1985"]
[BlackElo "1950"]
[Annotator "Winslow,Elliott"]
[PlyCount "91"]
[GameId "2053409329414172"]
[EventDate "2024.05.07"]
[EventType "swiss"]
[EventRounds "7"]
[EventCountry "USA"]

{This win puts Jay Kumar in clear first with a perfect 5-0, a full point ahead of Michael Walder and Hayes Marvin. Walder has played them both so the next round board one pairing is clear. Meanwhile...} 1. e4 c5 2. Nf3 d6 3. d3 {Avoiding main line theory -- except that these days, there's theory on the avoiding-theory lines...} Nc6 4. g3 g6 5. Bg2 Bg7 6. O-O Nf6 ({At least as good is} 6... e5 { ...Nge7}) 7. Re1 O-O 8. a4 Bg4 9. h3 Bxf3 10. Qxf3 Nd7 11. Qd1 a6 12. c3 e5 13. Na3 b5 14. Bd2 Qb6 15. Kh2 Na5 16. b4 Nc6 17. Be3 Qb7 18. bxc5 dxc5 19. Rb1 b4 20. Nc4 Qc7 21. Bd2 Rad8 22. cxb4 cxb4 23. Ne3 a5 24. Rc1 Qd6 25. Nd5 Nd4 26. Be3 Rc8 27. Bxd4 exd4 28. f4 Kh8 29. e5 Qa6 $6 30. Nc7 $1 Qb6 31. Rc6 Qa7 $2 (31... Qb7) 32. Qc2 Nb8 33. Rc4 Na6 34. Nb5 Rxc4 35. Qxc4 Qc5 36. Qb3 $1 Qe7 37. Rc1 Nc5 38. Qc2 (38. Qd5 $1) 38... Ne6 $16 39. Qc4 $6 (39. Qf2 $1 $14 b3 40. Bd5) 39... h5 $1 $11 40. h4 $2 {[#]} (40. Bd5) 40... Rd8 $4 (40... Nxf4 $1 $17 41. gxf4 Qxh4+ 42. Kg1 Qxf4 43. Nxd4 Qxe5 $17) 41. Nd6 $18 Bh6 42. Bd5 $4 (42. f5 $1 Bxc1 43. Qxc1 Kh7 44. fxe6 $18) 42... Bxf4 $1 $11 43. gxf4 Qxh4+ 44. Kg1 Qg3+ 45. Bg2 Nxf4 {[#]} 46. Qc2 $4 {Black is now winning! Except -- his time ran out!} (46. Rc2 $1 $11) (46. Nxf7+ Kg7 47. Qc6 $8 $11) (46. Qc2 Nh3+ 47. Kh1 (47. Kf1 Qf4+ 48. Ke1 Qe3+) 47... Nf2+ 48. Kg1 Ng4 $19) 1-0